000 00991nam0a2200301 4500
001 RU\NLR\BIBL_A\011758003
005 20180807133130.0
010 _a978-5-17-109370-9
_91500
021 _aRU
_bКН-П-18-047122
_9КН-П-18-3397
035 _a(NLR Aleph) 011758003
035 _a(RuMoRGB)009678194
090 _a11662410
_c11662410
100 _a20180724d2018 u y0rusy50 ca
101 1 _arus
_ceng
102 _aRU
105 _ay z 000ay
200 1 _aПрелестная наставница
_e[роман]
_fСюзанна Энок
_g[перевод с английского Е. С. Никитенко]
210 _aМосква
_cАСТ
_d2018
215 _a318, [1] с.
_d21
225 1 _aШарм
333 _a16+
686 1 _aШ6(7США)67-440.4{Лх1979-50}
700 1 _aЭнок
_bС.
_f1964-
_gСюзанна
_3RU\NLR\AUTH\770204670
942 _cBOOK
980 _aNBR
980 _aNB